000 01169nam a22003617a 4500
001 BR2019001539
003 BR-BrBNA
005 20230928105443.0
007 ta
008 230509b bl.||||| |||| 00| 0 por d
020 _a978-85-8354-011-3
040 _aBR-BrBNA
_bpor
_cBiblioteca Nacional de Agricultura
041 _a(Por)
072 _aE80; C20; E50
090 _ E80 BR2019001539
100 1 _aSilva, H.B.C. da (ed.)
100 1 _aCavalcanti, D.C. (ed.)
100 1 _aPedroso, A.F. (ed.)
110 1 _aMinistério do Desenvolvimento Agrário, Brasília, DF (Brasil). Secretaria de Agricultura Familiar
_97484
245 1 _aPesquisa e extensão para a agricultura familiar: no âmbito da política nacional de assistência técnica e extensão rural
250 1 _a1. ed.
260 3 _aBrasília, DF (Brasil):
_c2015.
300 _a404 p.
500 _aIncludes several bibliographies; 47 illus.; 22 tables
650 _aAGRICULTURA FAMILIAR
650 _aPESQUISA
650 _aTECNOLOGIA
650 _aENGENHARIA
650 _aEXTENSÃO RURAL
650 _aECOLOGIA VEGETAL
909 _a202309
_bLucia
_c55
_dLucia Elande
942 _cBK
999 _c85223
_d85223